00783pam a2200241 a 4500001000800000005001700008008004100025010001700066020001500083040001800098041000800116060002100124080001200145082001600157100000600173101000800179245011300187504005100300906004500351942001200396999001700408952011600425138956320180814034017.0821229s1983 mdua b 001 0 eng  a 82024794  a0839118082 aDLCcDLCdDLC aeng aWG 141.5.C2 P982 a617.41200a617.412219 a3 aSHM04aThe Pulmonary artery catheter :cedited by Charles L. Sprung ; contributors, Joseph M. Civetta ... [et al.]. aIncludes bibliographical references and index. a7bcbccorignewd1eocipf19gy-gencatlg 2ddccBK c47069d47069 00102lcc40708PËKGa002b002cPËKGd2018-08-14l0o617.412 SPRp002-3010983r2018-08-14w2018-08-14yBK